000 00568nam a2200229Ia 4500
003 OSt
005 20220918231544.0
006 a|||||r|||| 00| 0
007 ta
008 220917b |||||||| |||| 00| 0 eng d
024 _a308,365
037 _cTextual
040 _aARTS
_cARTS
_benu
041 _2enu
_aenu
082 _aO111,3M64,2, 168J1
100 _aLlkio William
_9155112
245 0 _aLalta
260 _c1951
650 _aENGLISH LITERATURE
942 _hO111,3M64,2, 168J1
_cTEXL
_2CC
999 _c291706
_d291706